000 00379 a2200157 4500
001 164259
020 _a
040 _cMagnum
100 _a-
240 1 0 _aConte outra vez: branca de neve/a guardadora de gansos
_lpor
245 1 0 _aConte outra vez: branca de neve/a guardadora de gansos
362 0 _a1899
440 1 _aGlobo
697 _aIJ/FADAS, FANTASIA
942 _cBK
999 _c164259
_d164259